000 01152nam a22003617a 4500
001 BR7405250
003 BR-BrBNA
005 20230928084613.0
007 ta
008 230509b bl.||||| |||| 00| 0 por d
040 _aBR-BrBNA
_bpor
_cBiblioteca Nacional de Agricultura
041 _a(Por)
072 _aL36; L00; E70
_b6000
_b8954
_b/G514
090 _ 6000 BR7405250
100 1 _aMenezes, I. de L.
110 1 _aUniversidade Federal do Ceara, Fortaleza (Brasil). Centro de Ciencias Agrarias. Depto. de Economia Agricola
_0Dissertacao (Mestre)
245 1 _aEficiencia economica do uso de racoes comerciais e determinacao da idade otima para abate de aves de corte em Fortaleza, Ceara - 1973 [Brasil]
260 3 _aFortaleza, CE (Brasil):
_c1974.
300 _a70 p.
500 _a28 tables; 31 ref.; Summary (Por)
650 _aComposicao de alimento
650 _aProducao animal
650 _aComercializacao
650 _aAve
650 _aRacao
650 _aConsumo
650 _aGanho de peso
650 _aVenda
650 _aFortaleza
650 _aCeara
909 _a202309
_bLucia
_c55
_dLucia Elande
942 _cBK
999 _c20035
_d20035